000
00260nam a2200109Ia 4500
003
GCL
008
140319s9999 xx 000 0 ara d
040
_a
GCL /
_c
GCL
082
0
4
_a
فيديو\232
245
1
0
_a
الىمن يهمة الامر
490
_a
أسرتى
_v
0
999
_c
44671
_d
44671